O servidor público nas reformas constitucionais / (Record no. 935)

MARC details
000 -LÍDER
Campo Fixo de Controle 00808nam a2200253 a 4500
001 - NÚMERO DE CONTROLE
Campo de Controle 935
003 - IDENTIFICAÇÃO DO NÚMERO DE CONTROLE
Campo de Controle BR-CuiBMT
005 - DATA E HORA DA ÚLTIMA ATUALIZAÇÃO
Campo de Controle 20231123192610.0
008 - DADOS FIXOS
Dados Fixos 230818s2008 mgb 000 0 por d
020 ## - INTERNATIONAL STANDARD BOOK NUMBER
Nº do ISBN 9788577001545
040 ## - AGÊNCIA CATALOGADORA
Código da Agência Catalogadora BR-CuiBMT
Agência que transcreveu o registro BR-CuiBMT
080 ## - Nº DA CLASSIFICAÇÃO DECIMAL UNIVERSAL
Nº Class. CDU 35.082
Nº edição CDU 2007
090 ## - NÚMERO DE CHAMADA
Nº classificação 35.082
Cutter R572s
Ano/Edição 3. ed.
100 1# - ENTRADA PRINCIPAL -- AUTOR PESSOAL
Nome pessoal Rigolin, Ivan Barbosa,
Datas associadas ao nome 1953-
245 12 - TÍTULO PRINCIPAL
Título principal O servidor público nas reformas constitucionais /
Indicação de responsabilidade Ivan Barbosa Rigolin.
250 ## - EDIÇÃO
Edição 3. ed. ampl. e atual.
260 ## - PUBLICAÇÃO, DISTRIBUIÇÃO, ETC.
Local de publicação Belo Horizonte :
Editora Fórum,
Data 2008.
300 ## - DESCRIÇÃO FÍSICA
N. páginas ou volumes 276 p. :
Dimensões 22 cm
504 ## - NOTA DE BIBLIOGRAFIA, ETC.
Nota de bibliografia Inclui bibliografia.
650 ## - ASSUNTO TÓPICO
Cabeçalho tópico ou nome geográfico Direito administrativo
Subdivisão geral Servidor público
Subdivisão geográfica Brasil
650 ## - ASSUNTO TÓPICO
Cabeçalho tópico ou nome geográfico Direito constitucional
Subdivisão geral Funcionalismo público
Subdivisão geográfica Brasil
650 ## - ASSUNTO TÓPICO
Cabeçalho tópico ou nome geográfico Reforma previdenciária
Subdivisão geográfica Brasil
942 ## - ELEMENTOS DE ENTRADA ADICIONAIS (KOHA)
Fonte de classificação ou esquema de arquivamento Classificação Decimal Universal
Tipo de item do Koha Livros
Holdings
Estado: removido Estado: perdido Fonte de classificação ou esquema de arquivamento Estado: danificado Indisponível para empréstimo Localização permanente Localização atual Data de aquisição Total Checkouts Número de Chamada completo Código de barras Date last seen Número do exemplar Preço efetivo a partir de Tipo de item (Koha)
    Classificação Decimal Universal     Biblioteca da Escola Superior de Contas do TCE/MT Biblioteca da Escola Superior de Contas do TCE/MT 12/08/2019   35.082 R572s 3. ed. BIBTCEMT23110974 23/11/2023 Ex. 1 23/11/2023 Livros
    Classificação Decimal Universal     Biblioteca da Escola Superior de Contas do TCE/MT Biblioteca da Escola Superior de Contas do TCE/MT 12/08/2019   35.082 R572s 3. ed. BIBTCEMT23110975 23/11/2023 Ex. 2 23/11/2023 Livros

Powered by Koha